Lames de Xenoblade Chronicles 2 - Statistiques

Statistiques générales
  • Ce quiz a été pris 24 fois
  • Le résultat moyen est 31 sur 54
Statistiques - réponses
Réponse % Correct
Mythra
100%
Pyra
100%
Brighid
81%
Electra
81%
Dromarch
75%
KOS-MOS
75%
Pandoria
75%
Fiora
69%
Nia
69%
Poppi A
69%
Poppi B
69%
Shulk
69%
Agate
63%
Akhos
63%
Boreas
63%
Mikhail
63%
Patroka
63%
Pneuma
63%
Roc
63%
Ursula
63%
Wulfric
63%
Adenine
56%
Aegaeon
56%
Dagas
56%
Elma
56%
Kora
56%
Praxis
56%
T-elos
56%
Theory
56%
Zenobia
56%
Azami
50%
Crossette
50%
Floren
50%
Godfrey
50%
Nim
50%
Perceval
50%
Perun
50%
Poppi Y
50%
Sheba
50%
Vess
50%
Corvin
44%
Dahlia
44%
Finch
44%
Gorg
44%
Herald
44%
Jin
44%
Vale
44%
Kasandra
38%
Newt
38%
Obrona
38%
Perdido
38%
Sever
38%
Cressidus
31%
Poppinator
25%
Aucun quiz correspondant
Distribution des résultats
% des personnes avec chaque résultat
Percentile par nombre de réponses
Votre historique - résultats
Vous n’avez pas pris ce quiz